Convención para explicar, ampliar y hacer efectivo lo estipulado en el artículo sexto del Tratado definitivo de paz del año de 1783 : (Record no. 153718)

MARC details
000 -LEADER
campo de control de longitud fija 01701nam a22003615i 4500
001 - NÚMERO DE CONTROL
campo de control 153718
003 - IDENTIFICADOR DE NÚMERO DE CONTROL
campo de control ES-MaACL
005 - FECHA Y HORA DE LA ÚLTIMA TRANSACCIÓN
campo de control 20250827062626.0
008 - DATOS DE LONGITUD FIJA--INFORMACIÓN GENERAL
campo de control de longitud fija 991028q1786 sp l |||| | spa d
040 ## - FUENTE DE CATALOGACIÓN
Centro catalogador/agencia de origen CCPB | B
Lengua de catalogación spa
Centro/agencia transcriptor ES-MaACL
110 1# - ENTRADA PRINCIPAL--NOMBRE DE ENTIDAD CORPORATIVA
Nombre de entidad corporativa o nombre de jurisdicción como elemento de entrada España
Término indicativo de función/relación entidad responsable
9 (RLIN) 3622
240 #0 - TÍTULO UNIFORME
Título uniforme Tratados, etc.
Información miscelánea Gran Bretaña,
Fecha de la firma de un tratado 1783
245 10 - MENCIÓN DEL TÍTULO
Título Convención para explicar, ampliar y hacer efectivo lo estipulado en el artículo sexto del Tratado definitivo de paz del año de 1783 :
Resto del título concluida entre el Rey Nuestro Señor y el Rey de la Gran Bretaña, firmada en Londres a 14 de julio de 1786 : ratificada por ambos soberanos
260 ## - PUBLICACIÓN, DISTRIBUCIÓN, ETC.
Lugar de publicación, distribución, etc. En Madrid :
Nombre del editor, distribuidor, etc. en la Imprenta Real,
Fecha de publicación, distribución, etc. [ca. 1786]
300 ## - DESCRIPCIÓN FÍSICA
Extensión 41 páginas, [1] en blanco ;
Dimensiones
530 ## - NOTA DISPONIBLE DE FORMULARIO FÍSICO ADICIONAL
Nota de formato físico adicional disponible Disponible en formato digital
546 ## - NOTA DE IDIOMA
Nota de lengua/lenguaje Texto paralelo francés-español
596 ## - NOTA DE PIE DE IMPRENTA
Nota Fecha probable de impresión tomada del título
597 ## - NOTA A LA DESCRIPCION FISICA
Nota Escudo real xilográfico en portada, escudo de armas del rey Carlos III
650 #4 - PUNTO DE ACCESO ADICIONAL DE MATERIA--TÉRMINO DE MATERIA
Término de materia o nombre geográfico como elemento de entrada Guerra anglo-española, 1779-1783
9 (RLIN) 163559
651 #4 - PUNTO DE ACCESO ADICIONAL DE MATERIA--NOMBRE GEOGRÁFICO
Nombre geográfico España-
Subdivisión general Relaciones-
Subdivisión geográfica Gran Bretaña
9 (RLIN) 143992
651 #4 - PUNTO DE ACCESO ADICIONAL DE MATERIA--NOMBRE GEOGRÁFICO
Nombre geográfico Gran Bretaña-
Subdivisión general Relaciones-
Subdivisión geográfica España
9 (RLIN) 143993
655 #0 - TERMINO DE INDIZACIÓN--GENERO/FORMA
9 (RLIN) 241468
Datos o término principal de género/forma Tratados internacionales
710 ## - ENTRADA AGREGADA--NOMBRE DE ENTIDAD CORPORATIVA
Nombre de entidad corporativa o nombre de jurisdicción como elemento de entrada Gran Bretaña.
Título de la obra Tratados, etc.,
Fecha del congreso o de la firma del tratado 1786
9 (RLIN) 241474
710 2# - ENTRADA AGREGADA--NOMBRE DE ENTIDAD CORPORATIVA
Nombre de entidad corporativa o nombre de jurisdicción como elemento de entrada Imprenta Real (Madrid)
Término indicativo de función/relación Impresor
9 (RLIN) 134468
752 ## - ENTRADA AGREGADA--NOMBRE JERÁRQUICO DEL LUGAR
País o entidad superior España -
Ciudad Madrid
852 ## - LOCALIZACIÓN
Ubicación ES-MaACL
Ubicación en estantería Depósito
Signatura antigua Olim:G-1611
Número de control de estantería R-830(1)
Encuadernación Piel, no original de la época
856 4# - LOCALIZACIÓN Y ACCESO ELECTRÓNICOS
Identificador Uniforme de Recursos <a href="https://bdh-rd.bne.es/viewer.vm?id=0000255549&page=1">https://bdh-rd.bne.es/viewer.vm?id=0000255549&page=1</a>
Texto de enlace Versión en línea
Nota pública (Biblioteca Digital Hispánica)
942 ## - ELEMENTOS DE ENTRADA SECUNDARIOS (KOHA)
Tipo de ítem Koha Libro impreso antiguo
Suprimir en OPAC No
Holdings
Estatus retirado Estado de pérdida Fuente del sistema de clasificación o colocación Estado de daño No para préstamo Colección Biblioteca de origen Biblioteca actual Ubicación en estantería Fecha de adquisición Total de préstamos Signatura topográfica completa Código de barras Visto por última vez Tipo de ítem Koha
    Clasificación decimal universal     Libros del s. XVIII Biblioteca del Ateneo de Madrid Biblioteca del Ateneo de Madrid Depósito 17/01/2008   R-830(1) 1160703 23/02/2023 Libro impreso antiguo